[Event "Tournoi Skype 031B"]
[Site "Skype"]
[Date "????.??.??"]
[Round "1.67"]
[White "Reese, Evan"]
[Black "Skura, Simone"]
[Result "0-1"]
[WhiteElo "1114"]
[BlackElo "1000"]
[PlyCount "48"]

1. e4 e5 2. Nf3 Nc6 3. Bc4 Nf6 4. d3 d5 5. exd5 Nxd5 6. O-O Bg4 7. a3 Be7 8.
Bd2 O-O 9. Nc3 Nxc3 10. Bxc3 Bxf3 11. Qxf3 Bd6 12. b4 a6 13. Rad1 a5 14. d4
axb4 15. axb4 exd4 16. Bxd4 Qh4 17. g3 Nxd4 18. gxh4 Nxf3+ 19. Kg2 Nxh4+ 20.
Kh3 Nf3 21. b5 Nxh2 22. Rg1 Nf3 23. b6 Nxg1+ 24. Rxg1 cxb6 0-1

[Event "Tournoi Skype 031B"]
[Site "Skype"]
[Date "????.??.??"]
[Round "1.68"]
[White "Vargas, Elvin"]
[Black "Colangelo, Michele"]
[Result "1-0"]
[WhiteElo "1000"]
[BlackElo "1108"]
[PlyCount "49"]

1. e4 c5 2. Nf3 d6 3. Bc4 Nf6 4. O-O e6 5. h3 Be7 6. Nc3 O-O 7. d4 cxd4 8. Nxd4
Bd7 9. Be3 Nc6 10. Nf3 a6 11. a4 Na7 12. e5 dxe5 13. Nxe5 Bc8 14. Qxd8 Rxd8 15.
Bb6 Rd2 16. Bd3 Nc6 17. Nxc6 bxc6 18. Be3 Rxd3 19. cxd3 Bb4 20. Bd4 Nd5 21.
Rfe1 Nxc3 22. bxc3 Ba5 23. Re5 Bc7 24. Rg5 Bb7 25. Rxg7+ 1-0

[Event "Tournoi Skype 031B"]
[Site "Skype"]
[Date "????.??.??"]
[Round "1.69"]
[White "Yanez, Leticia Jorgelina"]
[Black "Vasquez Donaire, Ivis Godofredo"]
[Result "0-1"]
[WhiteElo "1106"]
[BlackElo "1000"]
[PlyCount "39"]

1. e4 e5 2. Bc4 Nc6 3. Nf3 Nf6 4. d3 Bc5 5. c3 O-O 6. O-O d6 7. Bg5 h6 8. Bxf6
Qxf6 9. Bb5 Qg6 10. Bxc6 bxc6 11. d4 Bh3 12. Nh4 Qxe4 13. g3 Bxf1 14. dxc5 Be2
15. Nd2 Qg4 16. f3 Bxd1 17. fxg4 Bxg4 18. Rf1 dxc5 19. Nf5 Rae8 20. Ne4 0-1

[Event "Tournoi Skype 031B"]
[Site "Skype"]
[Date "????.??.??"]
[Round "1.70"]
[White "Vazquez, Frederic"]
[Black "Pages, Philippe"]
[Result "0-1"]
[WhiteElo "1000"]
[BlackElo "1099"]
[PlyCount "40"]

1. e4 e5 2. Nf3 Bc5 3. Nxe5 Nc6 4. Nd3 Bb6 5. b3 d5 6. exd5 Qxd5 7. Nc3 Qg5 8.
Bb2 Be6 9. h4 Qe7 10. f3 Nd4 11. Ne2 O-O-O 12. a4 Qf6 13. c3 Bxb3 14. cxd4 Bxd1
15. d5 Qh6 16. Rxd1 Rxd5 17. g4 Rxd3 18. g5 Qd6 19. Bc3 f6 20. Nc1 Rxc3 0-1

[Event "Tournoi Skype 031B"]
[Site "Skype"]
[Date "????.??.??"]
[Round "2.1"]
[White "Nicolini, Francesco"]
[Black "Franco, Yolima"]
[Result "1-0"]
[WhiteElo "1165"]
[BlackElo "1495"]
[PlyCount "49"]

1. e4 Nc6 2. Bc4 e5 3. Nc3 Bc5 4. Nd5 Nf6 5. c3 Nxe4 6. Qg4 Ng5 7. d4 exd4 8.
Bxg5 f6 9. Bf4 d6 10. Qxg7 Rf8 11. Bh6 Rf7 12. Qg8+ Kd7 13. Qxf7+ Ne7 14. Nxe7
Qxe7+ 15. Qxe7+ Kxe7 16. cxd4 Bxd4 17. O-O-O Bxf2 18. Nf3 Bg4 19. Rhf1 Bb6 20.
Rde1+ Kd7 21. Bd5 c6 22. Bb3 Rc8 23. Bg7 Bd8 24. h3 Bf5 25. Nd4 1-0

[Event "Tournoi Skype 031B"]
[Site "Skype"]
[Date "????.??.??"]
[Round "2.2"]
[White "Farfallini, Michel"]
[Black "Quiel, Aristoteles"]
[Result "0-1"]
[WhiteElo "1446"]
[BlackElo "1161"]
[PlyCount "44"]

1. d4 f5 2. Bf4 Nf6 3. c4 c6 4. e3 g6 5. Nf3 Bg7 6. Bd3 O-O 7. Nc3 d6 8. Qc2 h6
9. d5 c5 10. e4 fxe4 11. Nxe4 Bf5 12. Nc3 Bxd3 13. Qxd3 Qe8 14. Nh4 g5 15. Bxg5
hxg5 16. Nf5 Qf7 17. O-O-O Nbd7 18. Qh3 Ne5 19. Rhe1 Nfg4 20. Rd2 Qxf5 21. f3
Nh6 22. g4 Qxf3 0-1

[Event "Tournoi Skype 031B"]
[Site "Skype"]
[Date "????.??.??"]
[Round "2.3"]
[White "Cockayne, Curtis"]
[Black "Mira Poveda, Jose Antonio"]
[Result "1-0"]
[WhiteElo "1383"]
[BlackElo "1154"]
[PlyCount "45"]

1. d4 d5 2. Nc3 e6 3. Bf4 a6 4. e3 Nf6 5. Bd3 c5 6. Nf3 c4 7. Be2 Bb4 8. O-O
O-O 9. Na4 Nbd7 10. a3 Be7 11. b3 b5 12. Nb2 Rb8 13. Bxb8 Nxb8 14. bxc4 bxc4
15. Ne5 Qb6 16. Na4 Qa5 17. c3 Nfd7 18. Qb1 Qxa4 19. Nxd7 Nxd7 20. Bd1 Qa5 21.
Bc2 Nf6 22. Qb2 Qb6 23. Qxb6 1-0

[Event "Tournoi Skype 031B"]
[Site "Skype"]
[Date "????.??.??"]
[Round "2.4"]
[White "Crocioni, Luca"]
[Black "Luna Perez Vico, Lorenzo"]
[Result "0-1"]
[WhiteElo "1148"]
[BlackElo "1341"]
[PlyCount "114"]

1. e4 c5 2. Nf3 e6 3. Bc4 Nc6 4. Nc3 a6 5. a3 d6 6. d3 Nf6 7. O-O Be7 8. Re1
O-O 9. e5 dxe5 10. Nxe5 Nxe5 11. Rxe5 Bd6 12. Re1 Qc7 13. g3 b5 14. Ba2 Bb7 15.
Bg5 Qc6 16. Ne4 Nxe4 17. dxe4 Be5 18. c3 c4 19. Qg4 f5 20. Qd1 Bf6 21. Bxf6
Rxf6 22. f3 fxe4 23. fxe4 Qc5+ 24. Kh1 Raf8 25. Qd4 Qxd4 26. cxd4 Rf2 27. Rad1
Rxb2 28. Bb1 Rff2 29. Re3 Rxh2+ 30. Kg1 Rhe2 31. Rf3 Bxe4 32. Bxe4 Rxe4 33. d5
exd5 34. Rxd5 Rbe2 35. Rd8+ Re8 36. Rd6 Re1+ 37. Kg2 R1e2+ 38. Kh3 R2e6 39. Rd7
Re3 40. Rff7 c3 41. Rxg7+ Kf8 42. Rxh7 Kg8 43. Rdg7+ Kf8 44. Rc7 Kg8 45. Rh6
R8e7 46. Rc8+ Re8 47. Rc7 R3e6 48. Rh5 Re5 49. Rh6 R5e6 50. Rh5 Re5 51. Kh4 c2
52. g4 Rxh5+ 53. Kxh5 Re5+ 54. g5 Re4 55. g6 Rc4 56. Rd7 Rc5+ 57. Kh6 c1=Q+ 0-1

[Event "Tournoi Skype 031B"]
[Site "Skype"]
[Date "????.??.??"]
[Round "2.5"]
[White "Roy, Shambhu Kumar"]
[Black "Ortis, Yves"]
[Result "1-0"]
[WhiteElo "1341"]
[BlackElo "1147"]
[PlyCount "93"]

1. e4 c5 2. Nf3 Nc6 3. Nc3 e6 4. d4 d5 5. dxc5 Bxc5 6. exd5 exd5 7. Qxd5 Qe7+
8. Qe4 Be6 9. Bg5 f6 10. Be3 Bd6 11. Bb5 f5 12. Bxc6+ Kf7 13. Qh4 Qxh4 14. Nxh4
bxc6 15. O-O-O Bc7 16. f4 Ne7 17. Rhe1 Nd5 18. Nxd5 cxd5 19. g3 a5 20. Nf3 h6
21. Bd4 Rhe8 22. Ne5+ Bxe5 23. Rxe5 Ra6 24. h4 Rc8 25. b3 Rac6 26. c3 Ra8 27.
a4 Rb8 28. Kb2 Bc8 29. Rxd5 Be6 30. Rb5 Rcc8 31. Ka3 Bd7 32. Rxa5 Bc6 33. Ra7+
Bb7 34. b4 Kg8 35. a5 Bf3 36. Rxg7+ Kf8 37. Re1 Be4 38. Rh7 Rd8 39. Rxh6 Rbc8
40. Rh8+ Ke7 41. Rxd8 Rxd8 42. g4 Kf7 43. h5 Kg8 44. g5 Bf3 45. h6 Bh5 46. Re7
Rd7 47. Rxd7 1-0

[Event "Tournoi Skype 031B"]
[Site "Skype"]
[Date "????.??.??"]
[Round "2.6"]
[White "Duthoit, Bernard"]
[Black "Castanha, Marco"]
[Result "0-1"]
[WhiteElo "1320"]
[BlackElo "1144"]
[PlyCount "80"]

1. e4 e5 2. Nf3 Nc6 3. Bc4 Nf6 4. Ng5 d5 5. exd5 Na5 6. Bb5+ c6 7. dxc6 bxc6 8.
Ba4 h6 9. Nf3 Bd6 10. d3 O-O 11. O-O c5 12. Bd2 Bf5 13. Re1 e4 14. dxe4 Nxe4
15. Nc3 Nxd2 16. Qxd2 Nc4 17. Qc1 Nb6 18. Bb5 Qf6 19. Ne4 Bxe4 20. Rxe4 Rab8
21. a4 Nd5 22. g3 Qxf3 23. Bd3 Nb4 24. Re3 Nxd3 25. Rxd3 Qf6 26. b3 Be5 27. c3
Rxb3 28. Ra3 Rxa3 29. Qxa3 c4 30. Re3 Rd8 31. Qc5 Bxc3 32. Qxc4 Ba5 33. Qh4
Rd1+ 34. Kg2 Qc6+ 35. Qe4 Qxe4+ 36. Rxe4 Bb6 37. Re2 Ra1 38. Re8+ Kh7 39. Re7
Kg6 40. Re8 Rxa4 0-1

[Event "Tournoi Skype 031B"]
[Site "Skype"]
[Date "????.??.??"]
[Round "2.7"]
[White "Rivalta, Paolo"]
[Black "Hargez, Dany"]
[Result "1-0"]
[WhiteElo "1143"]
[BlackElo "1296"]
[PlyCount "40"]

1. e4 e5 2. Bc4 Nf6 3. Nc3 d6 4. Nf3 Be6 5. Bxe6 fxe6 6. d4 Nc6 7. d5 Nd4 8.
Nxd4 exd4 9. Qxd4 e5 10. Qd3 Be7 11. Qb5+ Nd7 12. Qxb7 O-O 13. Qb5 Bg5 14. O-O
Rb8 15. Bxg5 Qxg5 16. Qxd7 Rf7 17. Qe6 Rbf8 18. Qh3 Qd2 19. Qg3 Qxc2 20. b3
Qxe4 1-0

[Event "Tournoi Skype 031B"]
[Site "Skype"]
[Date "????.??.??"]
[Round "2.8"]
[White "De Coninck, Philippe"]
[Black "Linares Vernet, Ana"]
[Result "1-0"]
[WhiteElo "1290"]
[BlackElo "1142"]
[PlyCount "115"]

1. d4 d5 2. c4 c6 3. Nc3 Nf6 4. Nf3 Nbd7 5. Bg5 e6 6. e3 Be7 7. Rc1 h6 8. Bh4
O-O 9. Qc2 Ne4 10. Bxe7 Qxe7 11. Nxe4 dxe4 12. Qxe4 Nf6 13. Qc2 Qb4+ 14. Qc3
Qe7 15. Bd3 b6 16. O-O Bb7 17. Bb1 Rfc8 18. Rfe1 Qc7 19. e4 Nh7 20. Qc2 g6 21.
e5 Nf8 22. Nd2 Qd8 23. Qd3 Kg7 24. c5 Rc7 25. Ne4 Nh7 26. Nd6 Nf8 27. cxb6 axb6
28. Nxb7 Rxb7 29. Rxc6 Rc8 30. Rec1 Rxc6 31. Rxc6 Rc7 32. Rxc7 Qxc7 33. Qc2
Qxc2 34. Bxc2 Nd7 35. f3 f6 36. Kf2 fxe5 37. Ke3 exd4+ 38. Kxd4 Kf6 39. f4 e5+
40. fxe5+ Nxe5 41. b4 Nc6+ 42. Kc4 Na7 43. a4 g5 44. a5 bxa5 45. bxa5 Ke6 46.
Kc5 Kd7 47. Kb6 Nc6 48. a6 Nb4 49. Be4 Nxa6 50. Kxa6 Kd6 51. Kb5 Ke5 52. Bf3 h5
53. Bxh5 Kf4 54. g3+ Ke3 55. Kc5 Kf2 56. Kd5 Kg2 57. Ke5 Kxh2 58. g4 1-0

[Event "Tournoi Skype 031B"]
[Site "Skype"]
[Date "????.??.??"]
[Round "2.9"]
[White "Khatanhar, Mohit"]
[Black "Moumtaz, Abderrahim"]
[Result "1/2-1/2"]
[WhiteElo "1139"]
[BlackElo "1279"]
[PlyCount "107"]

1. e4 e5 2. Nf3 Nc6 3. Bc4 Bc5 4. c3 Nf6 5. O-O Nxe4 6. d4 exd4 7. cxd4 d5 8.
dxc5 dxc4 9. Qc2 Nd6 10. Re1+ Be6 11. Ng5 Qd7 12. Bf4 h6 13. Bxd6 cxd6 14. Nxe6
fxe6 15. Qg6+ Qf7 16. Rxe6+ Ne7 17. Qxf7+ Kxf7 18. Rxd6 Rac8 19. b3 c3 20. Nxc3
Rxc5 21. Ne4 Rc2 22. Rd7 Rb8 23. Re1 Ke8 24. Nf6+ gxf6 25. Rexe7+ Kf8 26. g3
Rxa2 27. Rf7+ Ke8 28. Rde7+ Kd8 29. Rxb7 Rxb7 30. Rxb7 a5 31. Kg2 Rb2 32. Ra7
Rxb3 33. Rxa5 Rb6 34. f4 Re6 35. Rh5 Re2+ 36. Kh3 Ke7 37. Rxh6 Ke6 38. Kg4 Re4
39. h4 Kf7 40. h5 Kg7 41. Rg6+ Kf7 42. Kf5 Re6 43. h6 Re8 44. Rxf6+ Kg8 45. g4
Kh7 46. g5 Rg8 47. Rf7+ Kh8 48. g6 Rc8 49. g7+ Kh7 50. g8=Q+ Kxg8 51. Rg7+ Kh8
52. Kg5 Rc5+ 53. f5 Rxf5+ 54. Kxf5 1/2-1/2

[Event "Tournoi Skype 031B"]
[Site "Skype"]
[Date "????.??.??"]
[Round "2.10"]
[White "Trapletti, Cosetta"]
[Black "Fedeli, Emma"]
[Result "0-1"]
[WhiteElo "1138"]
[BlackElo "1273"]
[PlyCount "66"]

1. e4 e5 2. Nf3 Nc6 3. Bc4 Bc5 4. b4 Bxb4 5. c3 Be7 6. O-O Nf6 7. d3 h6 8. Qb3
O-O 9. Nbd2 Na5 10. Qb5 Nxc4 11. Nxc4 d6 12. Be3 a6 13. Qb2 Bg4 14. Qe2 d5 15.
exd5 Nxd5 16. Rac1 Bf6 17. Qd1 b5 18. h3 Bxf3 19. Qxf3 bxc4 20. dxc4 Nxe3 21.
Qxe3 Bg5 22. f4 Bxf4 23. Rxf4 exf4 24. Qxf4 Rb8 25. Qf1 Rb2 26. Rd1 Qg5 27. Qf3
Re8 28. g4 Ree2 29. Rf1 Qc5+ 30. Rf2 Qxf2+ 31. Qxf2 Rxf2 32. h4 Rfc2 33. g5
Rc1# 0-1

[Event "Tournoi Skype 031B"]
[Site "Skype"]
[Date "????.??.??"]
[Round "2.11"]
[White "Cengiz, Ali Ekber"]
[Black "Bellati, Fabio"]
[Result "1-0"]
[WhiteElo "1266"]
[BlackElo "1129"]
[PlyCount "71"]

1. e4 e6 2. d4 d5 3. e5 c5 4. c3 Nc6 5. Nf3 Bd7 6. Be2 cxd4 7. cxd4 Nge7 8. O-O
Nf5 9. Bb5 Nxe5 10. Bxd7+ Nxd7 11. Re1 Bb4 12. Re2 O-O 13. Bf4 Rc8 14. Nbd2 Qb6
15. Nb3 Rfe8 16. Rc1 f6 17. Rec2 Rxc2 18. Qxc2 Bd6 19. Bd2 Bb4 20. Bf4 Bd6 21.
Bd2 Bb4 22. Be3 Bd6 23. a3 Nxe3 24. fxe3 e5 25. dxe5 Qxe3+ 26. Kh1 fxe5 27. Re1
Qf4 28. Qd3 Nf6 29. g3 Qg4 30. Qe2 e4 31. Nfd4 Qxe2 32. Rxe2 e3 33. Nb5 Re4 34.
Nxd6 d4 35. Nxe4 d3 36. Rxe3 1-0

[Event "Tournoi Skype 031B"]
[Site "Skype"]
[Date "????.??.??"]
[Round "2.12"]
[White "Raut, Suryakant"]
[Black "Guevara, Lizbeth"]
[Result "1-0"]
[WhiteElo "1249"]
[BlackElo "1129"]
[PlyCount "91"]

1. e4 e5 2. Nf3 d6 3. Bc4 Be6 4. Bxe6 fxe6 5. d3 h6 6. c3 Be7 7. Qb3 Qd7 8.
Qxb7 Nf6 9. Qxa8 O-O 10. Qxa7 Nc6 11. Qa4 Nh5 12. Qd1 Qe8 13. Be3 Nd8 14. Nbd2
Nf4 15. Bxf4 exf4 16. O-O Qg6 17. a4 Nf7 18. a5 Ng5 19. Kh1 Kh8 20. a6 d5 21.
Qe2 Qh5 22. a7 dxe4 23. dxe4 Nxf3 24. Qxf3 Qg6 25. a8=Q e5 26. Qxf8+ Bxf8 27.
Nc4 Qe6 28. Ne3 Qg6 29. Nd5 Qf7 30. Ra8 c6 31. Nb4 Qf6 32. Rd1 Kh7 33. Rdd8 Bd6
34. Rh8+ Kg6 35. Qg4+ Kf7 36. Ra7+ Be7 37. Qh5+ g6 38. Rh7+ Ke6 39. Rhxe7+ Kd6
40. Rad7+ Kc5 41. Qxe5+ Qxe5 42. Rxe5+ Kc4 43. Nxc6 Kb3 44. Na5+ Kxb2 45. c4
Kc3 46. c5 1-0

[Event "Tournoi Skype 031B"]
[Site "Skype"]
[Date "????.??.??"]
[Round "2.14"]
[White "Guillaume, Mickael"]
[Black "Moraga Vasquez, Michael"]
[Result "1/2-1/2"]
[WhiteElo "1126"]
[BlackElo "1236"]
[PlyCount "49"]

1. e4 e5 2. f4 Bc5 3. Nf3 d6 4. d4 exd4 5. Nxd4 Nf6 6. Nc3 O-O 7. Be3 Bb4 8.
Nde2 Nxe4 9. Qd4 Bxc3+ 10. Nxc3 Nf6 11. O-O-O Nc6 12. Qd2 Be6 13. Kb1 a6 14.
Qf2 Ng4 15. Qg3 Nxe3 16. Qxe3 b5 17. Be2 Re8 18. Qd3 Bc4 19. Qf3 Bxe2 20. Nxe2
Qd7 21. Ng3 b4 22. Nh5 Ne7 23. Rhe1 Ng6 24. Qg3 Rxe1 25. Rxe1 1/2-1/2

[Event "Tournoi Skype 031B"]
[Site "Skype"]
[Date "????.??.??"]
[Round "2.15"]
[White "Ruiz Aguilera, Juan Jesus"]
[Black "Fouques Duparc, Paulin"]
[Result "1-0"]
[WhiteElo "1116"]
[BlackElo "1228"]
[PlyCount "60"]

1. e4 Nf6 2. e5 Nd5 3. d4 d6 4. Nf3 Nc6 5. c4 Nb6 6. e6 fxe6 7. h4 d5 8. c5 Nd7
9. Ng5 Nf6 10. Be2 e5 11. dxe5 Nxe5 12. Bf4 Nc6 13. Nh3 e5 14. Bg5 Be6 15. Qd3
e4 16. Qg3 Bxc5 17. Nf4 Bf5 18. Nh5 Be7 19. Nxg7+ Kd7 20. Nxf5 Rg8 21. Nxe7
Qxe7 22. Bg4+ Ke8 23. Bxf6 Qxf6 24. Bh5+ Ke7 25. Qa3+ Kd7 26. Nd2 Rxg2 27. Qh3+
Kd6 28. Qxg2 Qxb2 29. Qg3+ Ne5 30. Rb1 Qc3 1-0

[Event "Tournoi Skype 031B"]
[Site "Skype"]
[Date "????.??.??"]
[Round "2.16"]
[White "Pages, Philippe"]
[Black "Bankhede, Shivkumar"]
[Result "1/2-1/2"]
[WhiteElo "1099"]
[BlackElo "1226"]
[PlyCount "65"]

1. c4 Nf6 2. Nc3 d5 3. d4 e6 4. Nf3 Nc6 5. e3 Bb4 6. Bd2 O-O 7. a3 Be7 8. b4 b6
9. Bd3 h6 10. Ne2 Bb7 11. b5 Nb8 12. Qc2 Nbd7 13. Ne5 Nxe5 14. dxe5 Ne4 15. f3
Nc5 16. Nd4 Nxd3+ 17. Qxd3 dxc4 18. Qxc4 Rc8 19. O-O Qd7 20. Rfd1 Qd5 21. Qxd5
exd5 22. Nc6 Bxc6 23. bxc6 Rfe8 24. f4 Bc5 25. Kf1 Rcd8 26. Ke2 Re6 27. Bc3
Rxc6 28. Rd3 Kf8 29. a4 Ke7 30. Rc1 a5 31. Bd4 Rg6 32. Bxc5+ bxc5 33. Kf3
1/2-1/2

[Event "Tournoi Skype 031B"]
[Site "Skype"]
[Date "????.??.??"]
[Round "2.17"]
[White "Pandey, Dharmendra Kumar"]
[Black "Rodriguez, Nathalie"]
[Result "1-0"]
[WhiteElo "1099"]
[BlackElo "1224"]
[PlyCount "57"]

1. e4 e5 2. Nf3 Nc6 3. Bc4 h6 4. h3 Nf6 5. d3 d5 6. exd5 Nxd5 7. O-O Be6 8.
Bxd5 Bxd5 9. Re1 Qf6 10. Nc3 Bxf3 11. Qxf3 Qe6 12. a3 Bc5 13. Be3 Nd4 14. Bxd4
Bxd4 15. Qxb7 O-O 16. Qf3 Rab8 17. Rab1 Qb6 18. Nd5 Qd6 19. c3 c6 20. Ne3 Bb6
21. Nf5 Qe6 22. Qe4 g6 23. Nxh6+ Kg7 24. Ng4 Rfe8 25. Qxe5+ Qxe5 26. Nxe5 Rbd8
27. d4 f6 28. Nxc6 Rd6 29. Rxe8 1-0

[Event "Tournoi Skype 031B"]
[Site "Skype"]
[Date "????.??.??"]
[Round "2.18"]
[White "Le Bouill, Pierre"]
[Black "Torres, Vicky"]
[Result "1-0"]
[WhiteElo "1223"]
[BlackElo "1091"]
[PlyCount "53"]

1. Nf3 d5 2. d4 Nf6 3. b3 Nc6 4. Bb2 e6 5. a3 Be7 6. g3 O-O 7. Bg2 a6 8. O-O b5
9. b4 Bb7 10. e3 a5 11. c3 Re8 12. Nbd2 Bd6 13. Re1 e5 14. dxe5 Nxe5 15. Nxe5
Bxe5 16. Rb1 c6 17. Nf3 Bd6 18. Qd2 Ne4 19. Qc2 c5 20. bxc5 Nxc5 21. Nd4 Qd7
22. e4 dxe4 23. Bc1 Bf8 24. Bf1 Bc6 25. Bxb5 Bxb5 26. Nxb5 Qxb5 27. Rxb5 1-0

[Event "Tournoi Skype 031B"]
[Site "Skype"]
[Date "????.??.??"]
[Round "2.19"]
[White "Franco Flores, Ximena"]
[Black "Parrales, Rodolfo"]
[Result "0-1"]
[WhiteElo "1074"]
[BlackElo "1220"]
[PlyCount "62"]

1. e4 g6 2. Nf3 Bg7 3. d4 d6 4. Bc4 Nf6 5. Nc3 Nbd7 6. O-O O-O 7. Bg5 e5 8. Qd2
exd4 9. Nxd4 Ne5 10. Bb3 a5 11. a3 c6 12. Bh6 Neg4 13. Bxg7 Kxg7 14. f4 Re8 15.
f5 Nxe4 16. Nxe4 Rxe4 17. Kh1 Qf6 18. c3 c5 19. fxg6 Qxg6 20. Bc2 Qh5 21. Nf3
Re3 22. h3 Qh6 23. Nh2 Nxh2 24. Kxh2 Rxh3+ 25. gxh3 Qxd2+ 26. Kh1 Qxc2 27. Rg1+
Kf8 28. Rad1 Qe4+ 29. Kh2 Qe5+ 30. Kh1 Bxh3 31. Rde1 Qh5 0-1

[Event "Tournoi Skype 031B"]
[Site "Skype"]
[Date "????.??.??"]
[Round "2.20"]
[White "Baker, Abi"]
[Black "Huerta Lopez, Cesar Rogelio"]
[Result "1-0"]
[WhiteElo "1067"]
[BlackElo "1207"]
[PlyCount "25"]

1. c4 c6 2. Nc3 e6 3. e4 d5 4. cxd5 cxd5 5. exd5 exd5 6. Bb5+ Bd7 7. a4 a6 8.
Be2 d4 9. Bf3 Nc6 10. Ne4 d3 11. Ne2 dxe2 12. Qxe2 Nd4 13. Nd6# 1-0

[Event "Tournoi Skype 031B"]
[Site "Skype"]
[Date "????.??.??"]
[Round "2.21"]
[White "Conde, Carmen"]
[Black "Wildt, Gerti"]
[Result "1-0"]
[WhiteElo "1206"]
[BlackElo "1067"]
[PlyCount "93"]

1. d4 g6 2. e4 Bg7 3. c4 d6 4. Nf3 Nf6 5. Nc3 a6 6. Bd3 O-O 7. Bg5 h6 8. Bh4
Nbd7 9. Qc2 e6 10. e5 dxe5 11. dxe5 Nxe5 12. Nxe5 g5 13. O-O-O gxh4 14. Bh7+
Nxh7 15. Rxd8 Rxd8 16. Qe4 Bxe5 17. Qxe5 f6 18. Qxc7 Rf8 19. Ne4 Rf7 20. Qf4 e5
21. Qxh4 Bf5 22. Nd6 Rd7 23. Nxf5 Rad8 24. Nxh6+ Kh8 25. Qg3 Rg7 26. Qf3 Rd4
27. Nf5 Rxc4+ 28. Kb1 Rf4 29. Qd3 Rxg2 30. Qd8+ Rg8 31. Qd7 Rxf2 32. Nh6 Rgg2
33. Qc8+ Kg7 34. Nf5+ Kg6 35. Nh4+ Kg5 36. Nxg2 Rxg2 37. Qg8+ Kf4 38. Qxg2 Ng5
39. Rf1+ Ke3 40. Qf2+ Ke4 41. h4 Nh3 42. Qf3+ Kd4 43. Rd1+ Kc4 44. Qb3+ Kc5 45.
Rd5+ Kc6 46. Qc4+ Kb6 47. Qc5# 1-0

[Event "Tournoi Skype 031B"]
[Site "Skype"]
[Date "????.??.??"]
[Round "2.22"]
[White "Abate, Luigi"]
[Black "Rodriguez Tovar, Liliana"]
[Result "0-1"]
[WhiteElo "1066"]
[BlackElo "1204"]
[PlyCount "116"]

1. d4 Nf6 2. Bf4 e6 3. e3 c5 4. Nf3 cxd4 5. Nxd4 e5 6. Bxe5 Qa5+ 7. c3 Qxe5 8.
Nf3 Qc7 9. Bd3 Be7 10. Nbd2 O-O 11. O-O d5 12. Re1 Nc6 13. Qb3 Be6 14. Rac1 d4
15. c4 dxe3 16. Rxe3 Rfd8 17. Ne4 Nd4 18. Qc3 Nxf3+ 19. Rxf3 Nxe4 20. Bxe4 g6
21. b3 Bg5 22. Re1 Bd2 23. Qa1 Bxe1 24. Qxe1 Rd4 25. h4 Qe5 26. Re3 Rad8 27.
Bxg6 Rd1 28. Rxe5 Rxe1+ 29. Rxe1 hxg6 30. Re3 Kg7 31. Rg3 Rh8 32. f3 Rxh4 33.
Rg5 Rd4 34. Rc5 Rd2 35. Rc7 Rxa2 36. Rxb7 a5 37. Rc7 a4 38. bxa4 Rxa4 39. c5
Rc4 40. Kf2 Kf8 41. Ke3 Ke8 42. Kd3 Kd8 43. Rc6 Rc1 44. Kd2 Rg1 45. Kc3 Rxg2
46. Kb4 Rb2+ 47. Ka5 g5 48. Rb6 Rf2 49. Ka6 Rxf3 50. Rc6 Rd3 51. Kb7 g4 52. Rb6
g3 53. c6 g2 54. c7+ Ke7 55. Rxe6+ fxe6 56. c8=Q Rb3+ 57. Ka6 g1=Q 58. Qc4 Qa1+
0-1

-1/2

[Event "Tournoi Skype 031B"]
[Site "Skype"]
[Date "????.??.??"]
[Round "2.23"]
[White "Sosa, Juan Carlos"]
[Black "Hernandez, Enrique"]
[Result "0-1"]
[WhiteElo "1199"]
[BlackElo "1051"]
[PlyCount "74"]

1. d4 c5 2. Nf3 d6 3. e3 Bg4 4. Be2 Bxf3 5. Bxf3 Nd7 6. Bxb7 Rb8 7. Bf3 Ngf6 8.
Nc3 e6 9. O-O d5 10. b3 Qc7 11. Bb2 c4 12. h3 Bd6 13. Rc1 Nb6 14. Re1 O-O 15.
e4 e5 16. Re3 exd4 17. Nxd5 Nbxd5 18. Re2 Nc3 19. Bxc3 dxc3 20. Qe1 Be5 21. Rd1
cxb3 22. cxb3 Qc5 23. Kf1 Bf4 24. Rc2 Be5 25. Rd3 Bd4 26. Kg1 Rbd8 27. Rd1 Nd7
28. Rb1 Ne5 29. Be2 f5 30. b4 Qb6 31. Kh1 fxe4 32. a4 Qd6 33. Rd1 Nf3 34. gxf3
exf3 35. Bc4+ Kh8 36. Qe4 Qg6 37. Rxd4 Qg2# 0-1

[Event "Tournoi Skype 031B"]
[Site "Skype"]
[Date "????.??.??"]
[Round "2.24"]
[White "Alarcon Alarcon, Marina"]
[Black "Nontsikelelo, Yvonne"]
[Result "1-0"]
[WhiteElo "1196"]
[BlackElo "1044"]
[PlyCount "144"]

1. e4 e5 2. Nf3 Nc6 3. c3 Nf6 4. d3 Be7 5. Be2 O-O 6. O-O h6 7. Be3 Ng4 8. h3
Nxe3 9. fxe3 Bc5 10. Qd2 d6 11. d4 exd4 12. Nxd4 Nxd4 13. exd4 Bb6 14. Qf4 c5
15. dxc5 Bxc5+ 16. Kh1 Be6 17. Nd2 Qg5 18. Qxg5 hxg5 19. Nc4 Rad8 20. b4 Bxc4
21. Bxc4 Be3 22. Bd5 Bd2 23. Bxb7 Bxc3 24. Rab1 Rb8 25. Bd5 Bxb4 26. Rb3 Kh7
27. Rxf7 Rxf7 28. Bxf7 a5 29. Bd5 Rf8 30. Rf3 Rc8 31. Rf1 Rc2 32. Bb3 Re2 33.
Bd5 Kh6 34. Kh2 Bd2 35. Kh1 Bf4 36. Kg1 Be3+ 37. Kh1 Bf4 38. Rd1 Kg6 39. Kg1
Kf6 40. Kf1 Rb2 41. Kg1 Ke5 42. Kf1 Be3 43. Rd3 Rb1+ 44. Ke2 Bf4 45. Kf3 Rf1+
46. Ke2 Rg1 47. Kf3 Rf1+ 48. Kg4 Rg1 49. g3 g6 50. Rf3 Bd2 51. Rd3 Bb4 52. Kf3
Rh1 53. Kg4 Bc5 54. Kf3 Rxh3 55. Kg4 Rh5 56. Rf3 Bb6 57. Rb3 Bc5 58. Rb5 Bb4
59. Bb7+ Kf6 60. Rd5 Rh7 61. Rb5 Rc7 62. Bd5 Rc3 63. Bb3 Re3 64. Bd5 Be1 65.
Rb3 Re2 66. Rf3+ Ke5 67. Kxg5 Rg2 68. g4 Rh2 69. Kxg6 Bd2 70. Rf5+ Kd4 71. g5
Rh8 72. Kg7 Kc5 1-0

[Event "Tournoi Skype 031B"]
[Site "Skype"]
[Date "????.??.??"]
[Round "2.26"]
[White "Roberts, Mario"]
[Black "Achicanoy, Yolanda"]
[Result "1-0"]
[WhiteElo "1195"]
[BlackElo "1000"]
[PlyCount "55"]

1. e4 e5 2. Nf3 Nc6 3. d4 Bd6 4. Bc4 a6 5. Ng5 Nf6 6. Nxf7 Bb4+ 7. c3 Qe7 8.
Nxh8 Kd8 9. Nf7+ Ke8 10. Bg5 b5 11. Bxf6 gxf6 12. Bb3 Na5 13. cxb4 Qxb4+ 14.
Nd2 Qxd4 15. Qh5 d5 16. Bxd5 Rb8 17. Nxe5+ Ke7 18. Nc6+ Nxc6 19. Bxc6 Kd6 20.
Bxb5 axb5 21. O-O Qxd2 22. Rfd1 Qxd1+ 23. Rxd1+ Kc6 24. Rc1+ Kb6 25. Qc5+ Ka5
26. Qxc7+ Kb4 27. Qc3+ Ka4 28. Qa3# 1-0

[Event "Tournoi Skype 031B"]
[Site "Skype"]
[Date "????.??.??"]
[Round "2.27"]
[White "Bledsoe, Megan"]
[Black "Conde, Ramon"]
[Result "1-0"]
[WhiteElo "1000"]
[BlackElo "1186"]
[PlyCount "83"]

1. d4 e6 2. Nc3 c5 3. Bf4 Qb6 4. Na4 Qa5+ 5. Nc3 Nf6 6. Nf3 Nc6 7. e3 cxd4 8.
exd4 d5 9. Bb5 Bd7 10. O-O Be7 11. Bxc6 bxc6 12. Ne5 Bc8 13. Nxc6 Qb6 14. Nxe7
Kxe7 15. Re1 Qxb2 16. Na4 Qb5 17. Nc5 Re8 18. Rb1 Qa5 19. a4 Kf8 20. Rb5 Qd8
21. Be5 Bd7 22. Rb7 Bc6 23. Rc7 Rc8 24. Rxa7 Nd7 25. Nxd7+ Bxd7 26. Qd3 Kg8 27.
Rb1 Rc4 28. Rbb7 Bxa4 29. c3 Qg5 30. h3 Qc1+ 31. Kh2 Bc2 32. Qg3 Bg6 33. Rb8
Rxb8 34. Bxb8 Rxc3 35. Bf4 Qc2 36. Qxc3 h6 37. Qxc2 Bxc2 38. Ra8+ Kh7 39. Ra7
g5 40. Rxf7+ Kg6 41. Rc7 gxf4 42. Rxc2 1-0

[Event "Tournoi Skype 031B"]
[Site "Skype"]
[Date "????.??.??"]
[Round "2.28"]
[White "Bolanos Ocampo, Sandra"]
[Black "De Nobrega, George"]
[Result "0-1"]
[WhiteElo "1000"]
[BlackElo "1181"]
[PlyCount "90"]

1. Nf3 Nc6 2. d4 d5 3. Bg5 h6 4. Bh4 Bf5 5. Nbd2 Qd6 6. e3 e6 7. Bd3 Bxd3 8.
cxd3 Be7 9. Qb3 Rb8 10. e4 Bxh4 11. Nxh4 Nxd4 12. Qc3 Qe5 13. Ndf3 Nxf3+ 14.
Nxf3 Qxc3+ 15. bxc3 dxe4 16. dxe4 Nf6 17. O-O Nxe4 18. Rac1 O-O 19. Rfe1 Nc5
20. Re5 Nd3 21. Ree1 Nxc1 22. Rxc1 Rfd8 23. h3 Rd3 24. Ne1 Rd2 25. a3 Ra2 26.
Nc2 Rd8 27. Nb4 Rxa3 28. c4 Rb3 29. Nc2 Rc3 30. Ra1 Rxc2 31. Rxa7 Rxc4 32. Rxb7
c5 33. Rb1 Rc2 34. Rf1 c4 35. g3 c3 36. Kg2 Rcd2 37. h4 c2 38. Rc1 Rc8 39. Kh3
Rd1 40. Rxc2 Rxc2 41. f4 Rc3 42. Kg4 Rg1 43. h5 Rgxg3+ 44. Kh4 Rh3+ 45. Kg4
Rcg3# 0-1